Formes de pays dans un jeu de tape-taupes - Statistiques

Statistiques générales
  • Ce quiz a été pris 1 072 fois
  • Le résultat moyen est 12 sur 20
Réponses sur la Carte
Les réponses sont colorées sur une échelle allant du rouge au vert en fonction du pourcentage des utilisateurs qui les ont devinées à leur premier essai. Vous pouvez retrouver ces pourcentages ci-dessous.
 
Statistiques - réponses
Trou Pays % Correct
9 France
96%
1 Canada
85%
12 Japon
85%
6 Indonésie
78%
8 Grèce
74%
4 Argentine
73%
11 Nouvelle-Zélande
69%
2 Suède
67%
2 Viêt Nam
67%
10 Cuba
63%
5 Soudan
56%
3 Arabie Saoudite
52%
13 Pakistan
51%
6 Iran
50%
14 Mozambique
48%
9 Pologne
46%
8 Syrie
41%
12 Venezuela
36%
7 Nicaragua
30%
10 Ghana
27%
Aucun quiz correspondant
Distribution des résultats
% des personnes avec chaque résultat
Percentile par nombre de réponses
Votre historique - résultats
Vous n’avez pas pris ce quiz